[Event "Biella Province-ch"]
[Site "Valle Mosso"]
[Date "2010.04.16"]
[Round "5"]
[White "Migliorini, Matteo"]
[Black "Vanoli, Ottavio"]
[Result "1-0"]
[WhiteElo "1638"]
[BlackElo "1527"]
[PlyCount "67"]
[EventDate "2010.03.12"]
[EventType "k.o."]
[EventRounds "6"]
[EventCountry "ITA"]
[SourceTitle "EXT 2024"]
[Source "ChessBase"]
[SourceDate "2023.10.10"]
[SourceVersion "1"]
[SourceVersionDate "2023.10.10"]
[SourceQuality "1"]

1. e4 d6 2. d4 g6 3. Nc3 Bg7 4. Nf3 Bg4 5. Be2 Nd7 6. Be3 c6 7. a4 Ngf6 8. Qd2 0-0 9. Bh6 Bxh6 10. Qxh6 Qb6 11. e5 Qxb2 12. Kd2 dxe5 13. Rhb1 Qxa1 14. Rxa1 exd4 15. Nxd4 Ne5 16. Ke1 Bxe2 17. Kxe2 Rad8 18. Rd1 Nc4 19. Nf3 Nd6 20. Qc1 b5 21. axb5 cxb5 22. Qb2 a6 23. Ra1 Ra8 24. Ra2 Rfc8 25. Qb3 Rc4 26. Kd2 Rac8 27. Ne2 Nde4+ 28. Ke1 Nc5 29. Qe3 Re4 30. Qd2 Ne6 31. Ng5 Rd8 32. Nxe4 Rxd2 33. Nxf6+ exf6 34. Kxd2 1-0